Catalog

Record Details

Catalog Search



Available copies

  • 1 of 1 copy available at LARL/NWRL Consortium.

Current holds

0 current holds with 1 total copy.

Show Only Available Copies
Location Call Number / Copy Notes Barcode Shelving Location Status Due Date
Roseau Public Library pb (Text) 35500003552989 Main Available -

Record details

  • ISBN: 0515136859 (pbk.) :
  • Physical Description: 183 p. ; 18 cm.
  • Edition: Jove ed.
  • Publisher: New York : Jove Books, 2004.
Subject: Longarm (Fictitious character) > Fiction.
LDR 00746nam a2200229Ia 4500
00139912
003LARL_NWRL_CONSORTIUM
00520040310173108.0
008040116s2004 nyu 000 1 eng d
020 . ‡a0515136859 (pbk.) : ‡c$4.99
035 . ‡a(OCoLC)54034629
099 . ‡aEVA
1001 . ‡aEvans, Tabor. ‡0(LARL_NWRL_CONSORTIUM)80392
24510. ‡aLongarm and the Grand Canyon gang / ‡cTabor Evans.
250 . ‡aJove ed.
260 . ‡aNew York : ‡bJove Books, ‡c2004.
300 . ‡a183 p. ; ‡c18 cm.
4900 . ‡aLongarm ; ‡v303
650 0. ‡aLongarm (Fictitious character) ‡vFiction.
901 . ‡a39912 ‡bOCLC ‡c39912 ‡tbiblio

Additional Resources